Els Masos Agustí i Bellver : Tagamanent Tagamanent
Descripción Física:
93, [3] mapes plegats ; 30 cm
MARC
| LEADER | 00000nam a2200000Ia 4500 | ||
|---|---|---|---|
| 001 | 18541 | ||
| 008 | 160829s9999 xx 000 0 cat d | ||
| 080 | |a C-2-156 | ||
| 245 | |a Els Masos Agustí i Bellver : |b Tagamanent | ||
| 260 | |a [Arbúcies] : |b Museu Etnològic del Montseny. La Gabella, [199 - ?] | ||
| 300 | |a 93, [3] mapes plegats ; |c 30 cm | ||
| 590 | |a Bibliografia. | ||
| 590 | |a Exemplar ciclostilat | ||
| 650 | |a Tagamanent (Vallès Oriental) |x Història |9 44653 | ||
| 650 | |a Bellver |9 44654 | ||
| 650 | |a Agustí |9 44655 | ||
| 901 | |a Arxiu | ||
| 942 | |n 1 | ||
| 952 | |0 0 |1 0 |4 0 |6 C2156 |7 1 |9 52070 |a Arxiu |b Arxiu |d 2016-12-01 |l 0 |o C-2-156 |p 18541 |r 2016-12-01 00:00:00 |w 2016-12-01 |y ARXIU | ||
| 999 | |c 55918 |d 55918 | ||